[Event "New York Karff Memorial op"]
[Site "New York"]
[Date "2023.11.18"]
[Round "2"]
[White "Zlotchevsky, Nicole"]
[Black "Zhou, Audrey"]
[Result "1-0"]
[WhiteElo "1771"]
[BlackElo "1025"]
[PlyCount "177"]
[EventDate "2023.11.17"]
[EventType "swiss"]
[EventRounds "5"]
[EventCountry "USA"]
[SourceTitle "CB47_2023"]
[SourceDate "2023.11.22"]
[SourceVersion "1"]
[SourceVersionDate "2023.11.22"]
[SourceQuality "1"]

1. e4 c5 2. Nf3 e6 3. d4 cxd4 4. Nxd4 a6 5. Bd3 Nf6 6. 0-0 Bc5 7. Nf3 Be7 8. e5 Nd5 9. a3 Qc7 10. c4 Nb6 11. Qe2 d6 12. Nc3 Nc6 13. exd6 Bxd6 14. b4 Ne5 15. Nxe5 Bxe5 16. Bb2 0-0 17. h3 Nd7 18. Qh5 g6 19. Qe2 Bg7 20. c5 b6 21. Ne4 Bb7 22. Rac1 Qc6 23. cxb6 Qxb6 24. Bxg7 Kxg7 25. Qb2+ Kg8 26. Rfd1 Bd5 27. Nc3 Rfd8 28. Be4 Nf6 29. Na4 Qb5 30. Qxf6 Qxa4 31. Rd3 Rd7 32. Rcd1 Rad8 33. Bxd5 exd5 34. Qe5 Qb5 35. Rd4 Qc6 36. h4 Qe6 37. Qg5 Kg7 38. h5 h6 39. Qg3 Qd6 40. Qc3 Qf6 41. Qg3 Qd6 42. Qc3 Qf6 43. a4 Rd6 44. b5 axb5 45. axb5 Kh7 46. R1d3 Qe6 47. Re3 Qd7 48. Qd3 Rb8 49. Rb4 Rdb6 50. hxg6+ fxg6 51. Qe2 R8b7 52. Re8 Qd6 53. Qb2 Qf6 54. Qxf6 Rxf6 55. Rd8 Rf5 56. Rd6 h5 57. b6 Kh6 58. Rc6 Rff7 59. Rd6 Rf5 60. f3 Kg5 61. Kf2 Kh6 62. Ke3 Kg5 63. Rb5 Kh6 64. Kd4 h4 65. Rdxd5 h3 66. gxh3 Rxf3 67. Kc5 Rc3+ 68. Kd6 Rc8 69. Rdc5 Rd8+ 70. Kc6 Rdd7 71. Rd5 Rf7 72. Rd6 Rg7 73. Rbd5 Rb8 74. Rd7 Rgg8 75. b7 g5 76. R5d6+ Rg6 77. Rxg6+ Kxg6 78. Kc7 Rxb7+ 79. Kxb7 Kf5 80. Kc6 Kf4 81. Kd5 Kg3 82. Rh7 g4 83. hxg4 Kxg4 84. Rf7 Kg5 85. Ke5 Kg6 86. Rf2 Kg5 87. Rg2+ Kh4 88. Kf5 Kh5 89. Rh2# 1-0